Biggest Non-I Cities on a Map - Statistics

General Stats
  • This quiz has been taken 113 times
  • The average score is 43 of 50
Answers on the Map
Answers color-coded by a green-red scale on the quiz's map according to % correct below.
 
Answer Stats
Population City % Correct
7,300,000 Dallas
99%
6,800,000 Houston
99%
14,800,000 London
98%
17,600,000 Los Angeles
98%
21,800,000 New York
98%
40,500,000 Tokyo
98%
9,800,000 Bogotá
97%
32,100,000 Jakarta
97%
17,400,000 Moscow
97%
25,000,000 Seoul
97%
5,400,000 Sydney
97%
5,900,000 Atlanta
96%
7,700,000 Boston
96%
14,200,000 Johannesburg
96%
20,100,000 Lagos
96%
22,600,000 São Paulo
96%
15,500,000 Tehran
96%
7,650,000 Toronto
96%
7,150,000 Baghdad
95%
47,600,000 Guangzhou
94%
17,700,000 Osaka
94%
6,500,000 Khartoum
92%
19,400,000 Bangkok
91%
20,300,000 Dhaka
91%
9,150,000 Kuala Lumpur
90%
5,200,000 Accra
89%
5,700,000 Amman
89%
17,000,000 Kolkata
89%
8,450,000 Luanda
89%
5,600,000 Monterrey
89%
6,450,000 Dar es Salaam
87%
9,250,000 Wuhan
87%
7,550,000 Hong Kong
86%
10,400,000 Hyderabad
86%
5,550,000 Guadalajara
85%
13,500,000 Lahore
85%
12,700,000 Bengaluru
84%
10,500,000 Nagoya
84%
5,750,000 Yangon
84%
8,750,000 Ahmedabad
81%
7,100,000 Pune
77%
10,000,000 Chengdu
75%
5,650,000 Ruhr
72%
6,150,000 Surabaya
72%
7,050,000 Bandung
68%
6,900,000 Surat
65%
8,600,000 Hangzhou
61%
8,100,000 Shenyang
52%
7,750,000 Shantou
40%
5,400,000 Wenzhou
37%
No matching quizzes found
Score Distribution
Percent of People with Each Score
Percentile by Number Answered
Your Score History
You have not taken this quiz